Southville International School and Colleges
Your cart is empty.
  • Cart
  • Lists
    Public lists Eva Luna New books Lux_list list_1
    Your lists Log in to create your own lists
  • Log in to your account
  • Your cookies
  • Search history
Southville International School and Colleges
  • Advanced search
  • Recent comments
  • Most popular
  • Libraries

Log in to your account

Log in with GOOGLE


If you do not have an external account, but do have a local account, you can still log in:

  1. Home
  2. MARC view: Voyages in English, 3rd-8th year /
Normal view MARC view ISBD view

Voyages in English, 3rd-8th year / (Record no. 288687)

[ view plain ]
MARC details
000 -LEADER
fixed length control field 00689nam a22001930 4500
003 - CONTROL NUMBER IDENTIFIER
control field PILC
005 - DATE AND TIME OF LATEST TRANSACTION
control field 20150917102120.0
008 - FIXED-LENGTH DATA ELEMENTS--GENERAL INFORMATION
fixed length control field 990622s1951 eng
050 ## - LIBRARY OF CONGRESS CALL NUMBER
Classification number PE 1408
Item number .C28 1951
100 1# - MAIN ENTRY--PERSONAL NAME
Personal name Campbell, Paul Edward,
Dates associated with a name 1890-
245 10 - TITLE STATEMENT
Title Voyages in English, 3rd-8th year /
Statement of responsibility, etc Paul, E. Campbell and Mary Donatus Macnickle.
260 ## - PUBLICATION, DISTRIBUTION, ETC. (IMPRINT)
Place of publication, distribution, etc Chicago :
Name of publisher, distributor, etc Loyola University Press,
Date of publication, distribution, etc 1951.
300 ## - PHYSICAL DESCRIPTION
Extent viii, 438 pages :
Other physical details illustrations ;
Dimensions 21 cm.
440 #4 - SERIES STATEMENT/ADDED ENTRY--TITLE
Title The spirit of adventure series.
650 ## - SUBJECT ADDED ENTRY--TOPICAL TERM
Topical term or geographic name as entry element English language
General subdivision Composition and exercises.
650 ## - SUBJECT ADDED ENTRY--TOPICAL TERM
Topical term or geographic name as entry element English language
General subdivision Grammar, 1870-
700 1# - ADDED ENTRY--PERSONAL NAME
Personal name Macnickle, Mary Donatus,
Dates associated with a name 1885-
942 ## - ADDED ENTRY ELEMENTS (KOHA)
Source of classification or shelving scheme Library of Congress Classification
Koha item type Books
Call number prefix Foreign
Holdings
Withdrawn status Lost status Source of classification or shelving scheme Damaged status Home library Current library Shelving location Date acquired Source of acquisition Total Checkouts Full call number Barcode Date last seen Price effective from Koha item type
    Library of Congress Classification   Archives Archives   09/17/2015 Donation   PE 1408 .C28 1951 C20024 05/15/2018 09/17/2015 Books

Voyages in English, 3rd-8th year /

APA

Campbell P. E., Macnickle M. D., . (1951). Voyages in English, 3rd-8th year. Chicago: Loyola University Press.

Chicago

Campbell Paul Edward, Macnickle Mary Donatus, . 1951. Voyages in English, 3rd-8th year. Chicago: Loyola University Press.

Harvard

Campbell P. E., Macnickle M. D., . (1951). Voyages in English, 3rd-8th year. Chicago: Loyola University Press.

MLA

Campbell Paul Edward, Macnickle Mary Donatus, . Voyages in English, 3rd-8th year. Chicago: Loyola University Press. 1951.

  • Place hold
  • Print
  • Cite
  • Add to your cart (remove)
  • Save record
    BIBTEX Dublin Core MARCXML MARC (non-Unicode/MARC-8) MARC (Unicode/UTF-8) MARC (Unicode/UTF-8, Standard) MODS (XML) RIS
  • More searches
    Search for this title in:
    Other Libraries (WorldCat) Other Databases (Google Scholar) Online Stores (Bookfinder.com) Open Library (openlibrary.org)

Exporting to Dublin Core...

SOUTHVILLE LIBRARY

Southville International School and Colleges Library

1281 Tropical Ave. Cor. Luxembourg St., BF Homes International, Las Pinas City

Tel. No. 8256374 / 252358 Loc. 117/146

Powered by Koha